[Event "Ileto Memorial 07th"]
[Site "Monterey Park"]
[Date "2005.12.10"]
[Round "2"]
[White "Raterman, Leo"]
[Black "Peters, Jack"]
[Result "0-1"]
[WhiteElo "2200"]
[BlackElo "2420"]
[PlyCount "68"]
[EventDate "2005.12.10"]
[EventType "swiss"]
[EventRounds "5"]
[EventCountry "USA"]
[SourceTitle "EXT 2014"]
[Source "ChessBase"]
[SourceDate "2013.11.20"]
[SourceVersion "1"]
[SourceVersionDate "2013.11.20"]
[SourceQuality "1"]

1. d4 Nf6 2. c4 g6 3. Nc3 Bg7 4. Nf3 0-0 5. Bf4 d6 6. h3 Nc6 7. e3 Nd7 8. Bg5 f6 9. Bh4 e5 10. d5 Ne7 11. Be2 Nf5 12. 0-0 e4 13. Nd4 Nxh4 14. Ne6 Qe7 15. Nxc7 Rb8 16. Ne6 Rf7 17. Nxe4 Nf8 18. c5 Nxe6 19. cxd6 Qe8 20. dxe6 Bxe6 21. Nc5 Kh8 22. Nxe6 Qxe6 23. Qa4 Nf5 24. Bc4 Qe4 25. Rfd1 Nh4 26. f3 Qxe3+ 27. Kh1 Rff8 28. Bf1 Nf5 29. Kh2 Bh6 30. g3 Qf2+ 31. Bg2 Qxg3+ 32. Kh1 Bf4 33. Kg1 Ne3 34. Rd2 Qh2+ 0-1